000 00978nam a2200253 i 4500
001 000028633
003 DO-SdBNP
005 20231016131738.0
007 ta
008 110411s1966 dr 000 0 spa d
040 _aDO-SdBNP
_bspa
_cBNPHU
_erda
049 _aBNPD
082 4 _bM935e
_222
111 1 _aConferencia acerca de la participación de estudiantes norteamericanos en el medio ambiente político y social que lo rodea, describiendo sus actividades, actitudes y organizaciones generales. Refleja el equilibrio de intereses entre los estudiantes que son participantes activos y aquéllos que no lo son.
_955590
245 1 0 _aMovimientos de estudiantes en los Estados Unidos.
264 _aSanto Domingo :
_bPadilla,
_c1966.
300 _a23 páginas ;
_c21 cm.
336 _2rdaconent
_atexto
_btxt
337 _2rdamedia
_asin mediación
_bn
338 _2rdacarrier
_avolumen
_bnc
590 _aInventariado, 2023/BT
910 _aBtavárez
942 _2ddc
_cLF2
999 _c28125
_d28125